Know your heros Quiz Stats

 Plays Quiz not verified by Sporcle

Challenge
Share
Tweet
Embed
Score 0/14 Timer 10:00
0 Plays Today
Name(s) Title % Correct
Peter ParkerSpiderman
93.2%
Bruce WayneBatman
92.1%
Bruce BanerThe Hulk
90.5%
Tony StarkIron Man
90%
Clark KentSuperman
90%
Leo, Raph, Donnie and MikeyTeenage Mutant Ninja Turtles
88.4%
Steve RogersCaptain America
87.9%
Name(s) Title % Correct
James Howlett/LoganWolverine
81.1%
Hal JordanGreen Lantern
80.5%
Johnny StormHuman Torch
78.4%
(His name is his title)Thor
77.9%
Arthur CurryAquaman
77.4%
Clint BartonHawkeye
73.2%
Jay GarrickThe Flash
71.1%

You're not logged in!

Compare scores with friends on all Sporcle quizzes.
Join for Free
OR
Log In

You Might Also Like...

Show Comments

Extras

Top Quizzes Today


Score Distribution

Your Account Isn't Verified!

In order to create a playlist on Sporcle, you need to verify the email address you used during registration. Go to your Sporcle Settings to finish the process.

Report this User

Report this user for behavior that violates our Community Guidelines.

Details: